Our mutual friend

שמור ב:
מידע ביבליוגרפי
מחבר ראשי: Dickens, Charles
פורמט: ספר
שפה:English
יצא לאור: London David Campbell Publishers 1994
סדרה:Everyman's library
נושאים:
Anh
תגים: הוספת תג
אין תגיות, היה/י הראשונ/ה לתייג את הרשומה!
Thư viện lưu trữ: Trung tâm Học liệu Lê Vũ Hùng, Trường Đại học Đồng Tháp
LEADER 00772pam a22002538a 4500
001 00025368
005 20171026081023.0
008 110803s1994 ||||||engsd
041 0 # |a eng 
082 1 4 |a 823  |b O400U 
100 1 # |a Dickens, Charles 
245 1 0 |a Our mutual friend  |c Charles Dickens 
260 # # |a London  |b David Campbell Publishers  |c 1994 
300 # # |a xliii, 832 p.  |c 21 cm.  |b ill. 
490 # # |a Everyman's library 
504 # # |a Includes bibliographical references (p. xxvi-xli) 
650 # 4 |a Anh 
650 # 4 |a Tiểu thuyết 
650 # 4 |a Văn học cận đại 
852 # # |b Kho đọc  |j KD.0008491 
852 # # |j KD.0008491 
910 |d 03/08/2011 
980 # # |a Trung tâm Học liệu Lê Vũ Hùng, Trường Đại học Đồng Tháp